| 000 | 00841nas a2200265 4500 | ||
|---|---|---|---|
| 001 | BR8005620 | ||
| 003 | BR-BrBNA | ||
| 005 | 20231205084402.0 | ||
| 007 | ta | ||
| 008 | 230509b bl.|||p| |||| 00| 00por d | ||
| 040 |
_aBR-BrBNA _bpor _cBiblioteca Nacional de Agricultura |
||
| 041 | _a(Pt) | ||
| 072 | _aM40 | ||
| 100 | 1 | _aJoventino, F.P. | |
| 100 | 1 | _aBezerra, C.L.F. | |
| 245 | 1 | _aEstudo de fenologia e regeneracao de Gracilaria domingensis Sonder (rhodophyta - gracilariaceae), no Estado do Ceara [alga, Brasil] | |
| 650 | _aALGA MARINHA | ||
| 650 | _aFENOLOGIA | ||
| 650 | _aCRESCIMENTO | ||
| 650 | _aECOLOGIA AQUATICA | ||
| 650 | _aCEARA | ||
| 773 | 0 |
_tArquivos de Ciencias do Mar (Brazil) _xISSN 0374-5686 _g(Dec 1977), v. 20(1-2) p. 33-41 _wBR8005620 |
|
| 909 |
_a202311 _bLúcia _c55 _dLúcia Elande |
||
| 942 |
_2AGRIS _n0 _cANA |
||
| 999 |
_c104877 _d104877 |
||